Statistics for Taylor Swift 16

Click here to take the quiz!

General Stats

  • This quiz has been taken 10 times
    (5 since last reset)
  • The average score is 236 of 348

Answer Stats

Answer% Correct
a
100%
and
100%
do
100%
I
100%
it
100%
love
100%
me
100%
on
100%
that
100%
the
100%
you
100%
your
100%
you're
100%
are
80%
but
80%
can
80%
could
80%
don't
80%
for
80%
go
80%
I'm
80%
know
80%
like
80%
my
80%
of
80%
one
80%
said
80%
say
80%
so
80%
then
80%
think
80%
to
80%
when
80%
who
80%
back
60%
from
60%
have
60%
how
60%
no
60%
not
60%
now
60%
see
60%
tell
60%
want
60%
chance
40%
doing
40%
down
40%
feel
40%
feeling
40%
get
40%
got
40%
here
40%
here's
40%
in
40%
I've
40%
make
40%
mind
40%
need
40%
night
40%
oh
40%
only
40%
run
40%
shot
40%
sick
40%
thing
40%
tired
40%
took
40%
well
40%
what
40%
why
40%
yes
40%
around
20%
ask
20%
attitude
20%
believe
20%
book
20%
bulletproof
20%
confused
20%
cover
20%
cut
20%
day
20%
dreams
20%
forget
20%
frustrated
20%
ground
20%
hard
20%
heartbeat
20%
inside
20%
last
20%
let
20%
makes
20%
mean
20%
might
20%
perfect
20%
push
20%
put
20%
reasons
20%
remember
20%
ruin
20%
small
20%
someone's
20%
step
20%
streak
20%
swing
20%
take
20%
temper
20%
told
20%
trying
20%
whole
20%
write
20%

Score Distribution

Percentile by Number Answered

Percent of People with Each Score

Your Score History

You have not taken this quiz since the last reset